|
|
|
|
| LEADER |
00000nab a2200000 a 4500 |
| 001 |
vtls000746294 |
| 003 |
SK-MaSNL |
| 005 |
20260305023649.0 |
| 008 |
250429c2000 xo 0 slo |
| 015 |
|
|
|a SNBRB2001/02-05227
|
| 035 |
|
|
|a CLN000098126
|
| 035 |
|
|
|a urn:nbn:sk:snk-ab7a9x
|
| 035 |
|
|
|a (uuid)55975b80-366f-47dd-acb6-9e929f7f8974
|
| 035 |
|
|
|a (urnnbn)urn:nbn:sk:snk:ar-a07dei
|
| 035 |
|
|
|a (sysno)vtls000746294
|
| 040 |
|
|
|a SNKBUCL
|b slo
|c SNKBUCL
|e AACR2
|
| 041 |
0 |
|
|a slo
|
| 044 |
|
|
|a xo
|c SK
|
| 080 |
|
|
|a 929.521(437.6)
|2 1997
|
| 100 |
1 |
|
|a Rábik, Vladimír,
|d 1975-
|4 aut
|9 227601
|
| 245 |
1 |
0 |
|a Banskobystrický richtár Ondrej a jeho potomstvo - zemania zo Sásovej
|c Vladimír Rábik
|
| 300 |
|
|
|b Tab.
|
| 504 |
|
|
|a Bibliogr. odkazy
|
| 546 |
|
|
|a Res. angl., nem. na s. 47-48
|
| 600 |
0 |
7 |
|a Ondrej,
|c richtár,
|d 13. stor.
|2 snkbucl
|9 1601871
|
| 650 |
0 |
7 |
|a zemania
|2 snkbucl
|9 23183
|
| 650 |
0 |
7 |
|a descendenčné tabuľky
|2 snkbucl
|9 982384
|
| 651 |
|
7 |
|a Sásová (Banská Bystrica, Slovensko)
|2 snkbucl
|9 113282
|
| 773 |
0 |
|
|t Genealogicko-heraldický hlas
|g Roč. 10, č. 2 (2000), s. 3-15
|x 1335-0137
|
| 850 |
|
|
|a Slovenská národná knižnica
|
| 852 |
|
|
|a Slovenská národná knižnica
|
| 856 |
4 |
1 |
|u http://www.genealogy-heraldry.sk/pdf/GHH2000_2.pdf
|
| 954 |
|
|
|a odborná, vedecká literatúra pôvodná (slovenská)
|2 lita
|
| 958 |
|
|
|a article27
|
| 958 |
|
|
|a NB
|
| 958 |
|
|
|a OND
|
| 958 |
|
|
|a EUIPO
|
| 999 |
|
|
|c 3298321
|d 3300251
|